Statistics for Random Countries of the World with an Empty Map

Click here to take the quiz!

General Stats

  • This quiz has been taken 482 times
  • The average score is 12 of 15

Answers on the Map

Answers color-coded by a green-red scale on the quiz's map according to % correct below.
 

Answer Stats

Country% Correct
Afghanistan
100%
Albania
100%
Algeria
100%
Angola
100%
Argentina
100%
Australia
100%
Bahamas
100%
Bangladesh
100%
Belarus
100%
Bolivia
100%
Botswana
100%
Brazil
100%
Cameroon
100%
Canada
100%
Chile
100%
China
100%
Colombia
100%
Cuba
100%
Czech Republic
100%
Dem. Rep. of the Congo
100%
Ecuador
100%
Egypt
100%
El Salvador
100%
Equatorial Guinea
100%
Estonia
100%
Fiji
100%
Finland
100%
France
100%
Germany
100%
Greece
100%
Guinea
100%
Guyana
100%
India
100%
Indonesia
100%
Iran
100%
Ireland
100%
Italy
100%
Japan
100%
Kazakhstan
100%
Laos
100%
Latvia
100%
Libya
100%
Lithuania
100%
Mauritius
100%
Mexico
100%
Morocco
100%
Mozambique
100%
Myanmar
100%
Namibia
100%
Nauru
100%
Netherlands
100%
New Zealand
100%
Nicaragua
100%
Niger
100%
Norway
100%
Papua New Guinea
100%
Paraguay
100%
Peru
100%
Philippines
100%
Portugal
100%
Saudi Arabia
100%
Sierra Leone
100%
Solomon Islands
100%
Somalia
100%
South Africa
100%
South Korea
100%
South Sudan
100%
Spain
100%
Sri Lanka
100%
Sweden
100%
Switzerland
100%
Syria
100%
Taiwan
100%
Tajikistan
100%
Thailand
100%
Togo
100%
Tunisia
100%
Turkey
100%
Turkmenistan
100%
United Kingdom
100%
United States
100%
Venezuela
100%
Vietnam
100%
Zambia
100%
Zimbabwe
100%
Panama
91%
Croatia
90%
Honduras
90%
Rwanda
90%
Belize
89%
Denmark
89%
Guatemala
89%
Poland
89%
Russia
89%
Cambodia
88%
Ivory Coast
88%
Kyrgyzstan
88%
Maldives
88%
Mongolia
88%
Qatar
88%
Romania
88%
Sudan
88%
Yemen
88%
Austria
86%
Chad
86%
Eswatini
86%
Iceland
86%
Jordan
86%
Madagascar
86%
Marshall Islands
86%
Nepal
86%
North Korea
86%
São Tomé and Príncipe
86%
Ukraine
86%
Armenia
83%
Belgium
83%
Ethiopia
83%
Hungary
83%
Iraq
83%
Kenya
83%
Malaysia
83%
Moldova
83%
North Macedonia
83%
Senegal
83%
Slovenia
83%
Uruguay
83%
Fed. States of Micronesia
82%
East Timor
80%
Jamaica
80%
Kiribati
80%
Luxembourg
80%
Oman
80%
United Arab Emirates
80%
Costa Rica
78%
Ghana
78%
Lesotho
78%
Burkina Faso
75%
Burundi
75%
Djibouti
75%
Georgia
75%
Kuwait
75%
Lebanon
75%
Pakistan
75%
Republic of the Congo
75%
Serbia
75%
Tanzania
75%
Tuvalu
75%
Mali
71%
Cyprus
67%
Haiti
67%
Israel
67%
Malta
67%
Montenegro
67%
Palau
67%
Slovakia
67%
Trinidad and Tobago
67%
Uganda
67%
Vanuatu
67%
Bosnia and Herzegovina
63%
Seychelles
63%
Benin
60%
Cape Verde
60%
Gabon
60%
Mauritania
60%
Tonga
60%
Brunei
57%
Gambia
57%
Samoa
57%
Azerbaijan
50%
Bhutan
50%
Bulgaria
50%
Dominican Republic
50%
Guinea Bissau
50%
Liberia
50%
Uzbekistan
50%
Bahrain
43%
Nigeria
43%
Suriname
43%
Central African Republic
40%
Dominica
40%
Malawi
40%
Antigua and Barbuda
33%
Comoros
33%
Eritrea
33%
Kosovo
33%
San Marino
33%
St. Lucia
29%
St. Vincent and Grenadines
29%
Grenada
20%
Liechtenstein
17%
Barbados
14%
St. Kitts and Nevis
13%
Singapore
10%
Andorra
0%
Monaco
0%
Vatican City
0%

Score Distribution

Percentile by Number Answered

Percent of People with Each Score

Your Score History

You have not taken this quiz